<?xml version="1.0" encoding="UTF-8"?>
<record
    xmlns:xsi="http://www.w3.org/2001/XMLSchema-instance"
    xsi:schemaLocation="http://www.loc.gov/MARC21/slim http://www.loc.gov/standards/marcxml/schema/MARC21slim.xsd"
    xmlns="http://www.loc.gov/MARC21/slim">

  <leader>00748nam a22002177a 4500</leader>
  <controlfield tag="003">SEM</controlfield>
  <controlfield tag="005">20250325110719.0</controlfield>
  <controlfield tag="008">250313s1390    Ir ||||gr|||||001|||Ir |d</controlfield>
  <datafield tag="020" ind1=" " ind2=" ">
    <subfield code="a">9786005211254</subfield>
  </datafield>
  <datafield tag="040" ind1=" " ind2=" ">
    <subfield code="a">SEM</subfield>
    <subfield code="c">SEM</subfield>
  </datafield>
  <datafield tag="041" ind1=" " ind2=" ">
    <subfield code="a">Iranian</subfield>
  </datafield>
  <datafield tag="080" ind1=" " ind2=" ">
    <subfield code="a">930.271/C-51</subfield>
  </datafield>
  <datafield tag="100" ind1=" " ind2=" ">
    <subfield code="a">&#x686;&#x648;&#x644; &#x647;&#x6CC;&#x648;&#x646; &#x628;&#x627;&#x626;&#x647;</subfield>
    <subfield code="q">(Cheol Hyun Bae)</subfield>
  </datafield>
  <datafield tag="245" ind1=" " ind2=" ">
    <subfield code="a">&#x645;&#x62A;&#x646; &#x627;&#x6CC;&#x644;&#x627;&#x645;&#x6CC; &#x648; &#x628;&#x627;&#x628;&#x644;&#x6CC; &#x6A9;&#x62A;&#x6CC;&#x628;&#x647; &#x62F;&#x627;&#x631;&#x6CC;&#x648;&#x634; &#x628;&#x632;&#x631;&#x6AF; &#x62F;&#x631; &#x6A9;&#x648;&#x647; &#x628;&#x6CC;&#x633;&#x62A;&#x648;&#x646; /</subfield>
    <subfield code="c">&#x686;&#x648;&#x644; &#x647;&#x6CC;&#x648;&#x646; &#x628;&#x627;&#x626;&#x647; (Cheol Hyun Bae)</subfield>
  </datafield>
  <datafield tag="246" ind1=" " ind2=" ">
    <subfield code="a">The Elamite and Babylonian Text of the Inscription of Darius the Great on Mount Bistoun /</subfield>
  </datafield>
  <datafield tag="260" ind1=" " ind2=" ">
    <subfield code="a">S. l. :</subfield>
    <subfield code="b">S. n.,</subfield>
    <subfield code="c">1390.</subfield>
    <subfield code="c">[2008].</subfield>
  </datafield>
  <datafield tag="300" ind1=" " ind2=" ">
    <subfield code="a">122 p ;</subfield>
    <subfield code="c">21 cm</subfield>
  </datafield>
  <datafield tag="650" ind1=" " ind2=" ">
    <subfield code="a">Archaeology </subfield>
    <subfield code="x">inscriptions</subfield>
  </datafield>
  <datafield tag="653" ind1=" " ind2=" ">
    <subfield code="a">&#x54D;&#x537;&#x544;</subfield>
  </datafield>
  <datafield tag="942" ind1=" " ind2=" ">
    <subfield code="2">udc</subfield>
    <subfield code="c">BK</subfield>
  </datafield>
  <datafield tag="999" ind1=" " ind2=" ">
    <subfield code="c">76008</subfield>
    <subfield code="d">76008</subfield>
  </datafield>
  <datafield tag="952" ind1=" " ind2=" ">
    <subfield code="0">0</subfield>
    <subfield code="1">0</subfield>
    <subfield code="2">udc</subfield>
    <subfield code="4">0</subfield>
    <subfield code="7">0</subfield>
    <subfield code="8">&#x533;&#x580;&#x561;&#x57A;&#x561;&#x570;&#x578;&#x581;</subfield>
    <subfield code="a">SEM</subfield>
    <subfield code="b">SEM</subfield>
    <subfield code="d">2025-03-13</subfield>
    <subfield code="g">500.00</subfield>
    <subfield code="i">Arab-207</subfield>
    <subfield code="l">0</subfield>
    <subfield code="o">930.271/C-51</subfield>
    <subfield code="p">Arab-207</subfield>
    <subfield code="r">2025-03-13</subfield>
    <subfield code="w">2025-03-13</subfield>
    <subfield code="y">BK</subfield>
    <subfield code="z">&#x54D;&#x57A;&#x561;&#x57D;&#x561;&#x580;&#x56F;&#x57E;&#x578;&#x582;&#x574; &#x567; &#x568;&#x576;&#x569;&#x565;&#x580;&#x581;&#x561;&#x57D;&#x580;&#x561;&#x570;</subfield>
  </datafield>
</record>
